Effect of sowing depth and row spacing on germination stand establishment and yield of wheat / Ms Thesis (Record no. 13606)

MARC details
000 -LEADER
fixed length control field 00970nam a22002537a 4500
003 - CONTROL NUMBER IDENTIFIER
control field BD-DhSAU
005 - DATE AND TIME OF LATEST TRANSACTION
control field 20170809170750.0
008 - FIXED-LENGTH DATA ELEMENTS--GENERAL INFORMATION
fixed length control field 161006b2015 bg ad||| |||| 00| 0 eng d
040 ## - CATALOGING SOURCE
Original cataloging agency BD-DhSAU
082 ## - DEWEY DECIMAL CLASSIFICATION NUMBER
Edition number 22
Classification number 630
Item number T17
100 ## - MAIN ENTRY--PERSONAL NAME
Personal name Tarafder, Raziya
Relator code REGISTRATION NO. # 09-03398
245 ## - TITLE STATEMENT
Title Effect of sowing depth and row spacing on germination stand establishment and yield of wheat / Ms Thesis
Statement of responsibility, etc. Raziya Tarafder
260 ## - PUBLICATION, DISTRIBUTION, ETC. (IMPRINT)
Place of publication, distribution, etc. Dhaka :
Name of publisher, distributor, etc. Sher- e- Bangla Agricultural University , Department of Agronomy
Date of publication, distribution, etc. 2015
300 ## - PHYSICAL DESCRIPTION
Extent xi , 90 p. :
Other physical details ill. ;
Dimensions 30 cm.
590 ## - Name of Cataloguer
Name of Cataloger Kamim
650 ## - SUBJECT ADDED ENTRY--TOPICAL TERM
Topical term or geographic name as entry element Agriculture
650 ## - SUBJECT ADDED ENTRY--TOPICAL TERM
Topical term or geographic name as entry element Agronomy
650 ## - SUBJECT ADDED ENTRY--TOPICAL TERM
Topical term or geographic name as entry element Effect of sowing depth and row spacing
650 ## - SUBJECT ADDED ENTRY--TOPICAL TERM
Topical term or geographic name as entry element Germination stand establishment and yield of wheat
700 ## - ADDED ENTRY--PERSONAL NAME
Personal name Hossain, H.M.M. Tariq
Relator code Supervisor
700 ## - ADDED ENTRY--PERSONAL NAME
Personal name Roy, Tuhun Suvra
Relator code Co-Supervisor
856 ## - ELECTRONIC LOCATION AND ACCESS
Uniform Resource Identifier <a href="http://archive.saulibrary.edu.bd:8080/handle/123456789/1009">http://archive.saulibrary.edu.bd:8080/handle/123456789/1009</a>
Link text Online Access
942 ## - ADDED ENTRY ELEMENTS (KOHA)
Source of classification or shelving scheme Dewey Decimal Classification
Koha item type MS Level Thesis
Holdings
Withdrawn status Lost status Source of classification or shelving scheme Damaged status Not for loan Collection code Home library Branch Name Shelving location Date acquired Total Checkouts Full call number Barcode Date last seen Price effective from Koha item type
    Dewey Decimal Classification   Not For Loan Reference SAU Library SAU Library Reference 03/11/2016   630 T17 39768 07/11/2016 07/11/2016 MS Level Thesis